[Event "Oberliga Nord N 1920"]
[Site "Germany"]
[Date "2020.02.09"]
[Round "6.6"]
[White "Wagner, Friedrich"]
[Black "Doederlein, Etienne"]
[Result "1/2-1/2"]
[WhiteElo "2149"]
[BlackElo "1875"]
[PlyCount "108"]
[EventDate "2019.09.29"]
[EventType "team-tourn"]
[EventRounds "9"]
[EventCountry "GER"]
[SourceTitle "CBM 195 Extra"]
[Source "ChessBase"]
[SourceDate "2020.05.31"]
[SourceVersion "1"]
[SourceVersionDate "2020.05.31"]
[SourceQuality "1"]

1. c4 e6 2. Nf3 d5 3. b3 Nf6 4. g3 Be7 5. Bg2 d4 6. e3 c5 7. exd4 cxd4 8. 0-0 0-0 9. Re1 Nc6 10. d3 Re8 11. a3 a5 12. Bb2 Bf8 13. Ne5 Nxe5 14. Rxe5 Nd7 15. Re1 e5 16. Nd2 Rb8 17. Qe2 Nf6 18. Bc1 h6 19. Rb1 Bd7 20. b4 axb4 21. axb4 Bc6 22. b5 Bxg2 23. Kxg2 Nd7 24. Nf3 Nc5 25. Qd1 f6 26. Rb2 Ra8 27. Rbe2 Qd7 28. Rd2 Ra1 29. Qc2 Rea8 30. Bb2 R1a2 31. Rb1 Qf5 32. Qd1 g5 33. Ne1 g4 34. Bc1 R2a4 35. Qe2 h5 36. Rc2 Re8 37. Bb2 Raa8 38. Qd1 Rad8 39. f3 gxf3+ 40. Qxf3 Qxf3+ 41. Kxf3 Nxd3 42. Nxd3 e4+ 43. Kf2 exd3 44. Rd2 Rc8 45. Rxd3 Rxc4 46. Rbd1 Rc2+ 47. R1d2 Rxd2+ 48. Rxd2 Bh6 49. Rd3 Be3+ 50. Kf3 Re5 51. b6 Rf5+ 52. Ke4 Re5+ 53. Kf3 Rf5+ 54. Ke4 Re5+ 1/2-1/2

[Event "Oberliga Nord N 1920"]
[Site "Germany"]
[Date "2019.12.08"]
[Round "4.5"]
[White "Woelk, Tom Frederic"]
[Black "Wagner, Friedrich"]
[Result "0-1"]
[WhiteElo "2245"]
[BlackElo "2133"]
[PlyCount "73"]
[EventDate "2019.09.29"]
[EventType "team-tourn"]
[EventRounds "9"]
[EventCountry "GER"]
[SourceTitle "CBM 195 Extra"]
[Source "ChessBase"]
[SourceDate "2020.05.31"]
[SourceVersion "1"]
[SourceVersionDate "2020.05.31"]
[SourceQuality "1"]

1. d4 d5 2. c4 c6 3. Nf3 Nf6 4. Nc3 a6 5. c5 g6 6. Bf4 Bg7 7. h3 0-0 8. e3 Re8 9. Be2 Nfd7 10. 0-0 e5 11. Nxe5 Bxe5 12. Bxe5 Nxe5 13. dxe5 Qe7 14. Qd4 Nd7 15. b4 Nxe5 16. e4 a5 17. exd5 axb4 18. Qxb4 Bf5 19. Rad1 g5 20. Rfe1 Qf6 21. d6 Rad8 22. f4 Nd7 23. fxg5 Qxg5 24. Bf3 Re5 25. Ne4 Bxe4 26. Rxe4 Rxe4 27. Qxe4 Qxc5+ 28. Kh1 Nf8 29. Qe7 Rd7 30. Qf6 Ne6 31. Bg4 Rxd6 32. Rf1 Nd8 33. Qe7 Rd5 34. Qe8+ Kg7 35. Qe4 Qd6 36. Bf3 Ne6 37. Qb4 0-1

[Event "Oberliga Nord N 1920"]
[Site "Germany"]
[Date "2019.09.29"]
[Round "1.6"]
[White "Wagner, Friedrich"]
[Black "Michna, Christian"]
[Result "1/2-1/2"]
[WhiteElo "2137"]
[BlackElo "2239"]
[PlyCount "87"]
[EventDate "2019.09.29"]
[EventType "team-tourn"]
[EventRounds "9"]
[EventCountry "GER"]
[SourceTitle "CBM 195 Extra"]
[Source "ChessBase"]
[SourceDate "2020.05.31"]
[SourceVersion "1"]
[SourceVersionDate "2020.05.31"]
[SourceQuality "1"]

1. c4 g6 2. g3 Bg7 3. Bg2 d6 4. Nc3 e5 5. e4 Nc6 6. Nge2 Nge7 7. d3 0-0 8. 0-0 Rb8 9. Rb1 Nd4 10. b4 Bg4 11. f3 Be6 12. Be3 c6 13. f4 Qd7 14. Qd2 Rbd8 15. b5 Bg4 16. a4 d5 17. cxd5 cxd5 18. fxe5 Nxe2+ 19. Nxe2 dxe4 20. Bxe4 Bxe5 21. Nf4 Nf5 22. Bxa7 Nd4 23. Kh1 Rfe8 24. Bxd4 Bxd4 25. Qg2 g5 26. Nd5 f5 27. Qa2 Kh8 28. Qc4 Bg7 29. Bg2 Re2 30. Rbe1 f4 31. gxf4 Rxg2 32. Kxg2 Bh3+ 33. Kf2 h6 34. Ne3 gxf4 35. Nc2 Rc8 36. Qb3 Rc3 37. Qa2 Rxd3 38. Qc4 Rc3 39. Qe4 Bxf1 40. Kxf1 Qh3+ 41. Kg1 f3 42. Qe8+ Kh7 43. Qe4+ Kh8 44. Qe8+ 1/2-1/2

[Event "Oberliga Nord N 1819"]
[Site "Germany"]
[Date "2019.04.07"]
[Round "9.7"]
[White "Dietz, Juergen"]
[Black "Wagner, Friedrich"]
[Result "1/2-1/2"]
[WhiteElo "2157"]
[BlackElo "2160"]
[PlyCount "56"]
[EventDate "2018.10.21"]
[EventType "team-tourn"]
[EventRounds "9"]
[EventCountry "GER"]
[SourceTitle "EXT 2020"]
[Source "ChessBase"]
[SourceDate "2019.10.17"]
[SourceVersion "1"]
[SourceVersionDate "2019.10.17"]
[SourceQuality "1"]
[WhiteTeam "Hamburg Schachfreunde"]
[BlackTeam "Hamburg Koenigsspringer"]
[WhiteTeamCountry "GER"]
[BlackTeamCountry "GER"]

1. f4 d5 2. Nf3 c6 3. b3 Bg4 4. e3 Nd7 5. Bb2 Ngf6 6. Be2 e6 7. 0-0 Be7 8. Ne5 Bxe2 9. Qxe2 0-0 10. d3 Nxe5 11. fxe5 Nd7 12. Nd2 f6 13. Qg4 f5 14. Qe2 Qc7 15. d4 Rf7 16. c4 Raf8 17. Rac1 Qb8 18. cxd5 cxd5 19. Qb5 Rd8 20. Rc2 Bg5 21. Re1 a6 22. Qe2 Rc8 23. Rec1 Rxc2 24. Rxc2 Be7 25. Qd1 Rf8 26. Qc1 Nb6 27. Ba3 Bxa3 28. Qxa3 Rc8 1/2-1/2

[Event "Hamburg-chT Landesliga 1718"]
[Site "Hamburg"]
[Date "2018.04.22"]
[Round "9.1"]
[White "Wagner, Friedrich"]
[Black "Kuberczyk, Christoph"]
[Result "0-1"]
[WhiteElo "2168"]
[BlackElo "2223"]
[PlyCount "86"]
[EventDate "2017.10.08"]
[EventType "team-tourn"]
[EventRounds "9"]
[EventCountry "GER"]
[SourceTitle "EXT 2021"]
[Source "ChessBase"]
[SourceDate "2020.10.23"]
[SourceVersion "1"]
[SourceVersionDate "2020.10.23"]
[SourceQuality "1"]
[WhiteTeam "Hamburg Koenigsspringer II"]
[BlackTeam "Harburg Diagonale"]
[WhiteTeamCountry "GER"]
[BlackTeamCountry "GER"]

1. c4 e6 2. Nf3 d5 3. b3 Nf6 4. g3 Be7 5. Bg2 0-0 6. 0-0 c5 7. Bb2 d4 8. e3 Nc6 9. exd4 cxd4 10. Re1 Ne8 11. a3 a5 12. Ne5 Nxe5 13. Rxe5 f6 14. Re1 e5 15. d3 Rb8 16. Nd2 Bf5 17. Nf3 b5 18. Bc1 Qd7 19. Qc2 bxc4 20. bxc4 a4 21. Rb1 Nc7 22. Nd2 Na6 23. Ne4 Rxb1 24. Qxb1 Rb8 25. Qc2 Rb3 26. f4 Qc7 27. Rf1 Bg6 28. h4 Nc5 29. f5 Bf7 30. Nxc5 Bxc5 31. g4 Qb8 32. Bc6 Bxa3 33. Bd2 Rb2 34. Qd1 e4 35. Bf4 Bd6 36. Bc1 Rb1 37. Qe2 e3 38. Bxa4 Qb4 39. Bc2 Ra1 40. Kg2 Ra2 41. Kh3 Qc3 42. Bd1 Rxe2 43. Bxe2 Qc2 0-1

[Event "Oberliga Nord N 1617"]
[Site "Germany"]
[Date "2017.02.19"]
[Round "6.4"]
[White "Wagner, Friedrich"]
[Black "Schmidt, Harald"]
[Result "1/2-1/2"]
[WhiteElo "2224"]
[BlackElo "2354"]
[PlyCount "99"]
[EventDate "2016.10.16"]
[EventType "team-tourn"]
[EventRounds "9"]
[EventCountry "GER"]
[SourceTitle "EXT 2018"]
[Source "ChessBase"]
[SourceDate "2017.10.13"]
[SourceVersion "1"]
[SourceVersionDate "2017.10.13"]
[SourceQuality "1"]
[WhiteTeam "Hamburg Koenigsspringer"]
[BlackTeam "Luebeck"]
[WhiteTeamCountry "GER"]
[BlackTeamCountry "GER"]

1. c4 Nf6 2. g3 g6 3. Bg2 Bg7 4. Nc3 0-0 5. e4 d6 6. Nge2 c5 7. 0-0 Nc6 8. d3 Rb8 9. h3 a6 10. f4 Nd7 11. a4 Nd4 12. Be3 e6 13. Rb1 f5 14. b4 b6 15. Qd2 Bb7 16. bxc5 Nxe2+ 17. Nxe2 Nxc5 18. Bxc5 dxc5 19. e5 Bxg2 20. Kxg2 Qd7 21. Qc2 Rfd8 22. Rfd1 g5 23. Kh2 gxf4 24. gxf4 Kh8 25. d4 Qc6 26. dxc5 Qxc5 27. Rxd8+ Rxd8 28. Rd1 Qf2+ 29. Kh1 Rc8 30. Qd3 Bh6 31. Rg1 Bxf4 32. Nxf4 Qxf4 33. Qd7 Qe4+ 34. Kh2 Qxe5+ 35. Kh1 Rf8 36. Qe7 Qf6 37. Qc7 e5 38. Rd1 f4 39. Rd6 Qf5 40. Rd8 Qxh3+ 41. Kg1 Qg4+ 42. Kf1 Qf3+ 43. Kg1 Qe3+ 44. Kf1 Kg8 45. Rxf8+ Kxf8 46. Qd6+ Kf7 47. Qd7+ Kg6 48. Qe8+ Kf6 49. Qd8+ Kf5 50. Qd7+ 1/2-1/2

[Event "Oberliga Nord N 0708"]
[Site "Germany"]
[Date "2008.04.06"]
[Round "8.6"]
[White "Hein, Andreas"]
[Black "Wagner, Friedrich"]
[Result "1/2-1/2"]
[WhiteElo "2208"]
[BlackElo "2209"]
[PlyCount "113"]
[EventDate "2007.10.21"]
[EventType "team-tourn"]
[EventRounds "9"]
[EventCountry "GER"]
[SourceTitle "EXT 2009"]
[Source "ChessBase"]
[SourceDate "2008.11.26"]
[SourceVersion "1"]
[SourceVersionDate "2008.11.26"]
[SourceQuality "1"]
[WhiteTeam "Luebeck"]
[BlackTeam "Koenigsspringer"]
[WhiteTeamCountry "GER"]
[BlackTeamCountry "GER"]

1. e4 c6 2. d4 d5 3. exd5 cxd5 4. c4 Nf6 5. Nc3 g6 6. Qb3 Bg7 7. cxd5 0-0 8. Nge2 Nbd7 9. g3 Nb6 10. Bg2 Ne8 11. 0-0 Bf5 12. Rd1 Qd7 13. a4 Rc8 14. a5 Nc4 15. Bf4 h6 16. h4 h5 17. Qa2 Nf6 18. Rac1 Bg4 19. b3 Nd6 20. Na4 Qb5 21. f3 Bf5 22. Rc5 Qa6 23. Nec3 b6 24. axb6 axb6 25. Rc6 Rxc6 26. dxc6 b5 27. Nc5 Qxc6 28. Qa7 b4 29. d5 Qa8 30. Qxa8 Rxa8 31. N3e4 Nfxe4 32. fxe4 Bg4 33. Rc1 Bb2 34. Re1 Bc3 35. Rc1 Nb5 36. Be3 Ra2 37. Nd3 Kg7 38. Kh1 e6 39. Bc5 exd5 40. exd5 Ra3 41. Nxb4 Rxb3 42. Nc6 Bf6 43. Kh2 Rd3 44. Rf1 Nc3 45. Bf8+ Kxf8 46. Rxf6 Rd2 47. Rf4 Nxd5 48. Rd4 Rxd4 49. Nxd4 Ne3 50. Bb7 Ke7 51. Nb3 Be6 52. Nd2 Bd5 53. Bxd5 Nxd5 54. Kg2 Ke6 55. Kf3 Kf5 56. Ne4 Nf6 57. Ng5 1/2-1/2

[Event "Oberliga Nord N 0708"]
[Site "Germany"]
[Date "2007.11.04"]
[Round "2.7"]
[White "Kross, Gunnar"]
[Black "Wagner, Friedrich"]
[Result "0-1"]
[WhiteElo "2089"]
[BlackElo "2209"]
[PlyCount "66"]
[EventDate "2007.10.21"]
[EventType "team-tourn"]
[EventRounds "9"]
[EventCountry "GER"]
[SourceTitle "EXT 2009"]
[Source "ChessBase"]
[SourceDate "2008.11.26"]
[SourceVersion "1"]
[SourceVersionDate "2008.11.26"]
[SourceQuality "1"]
[WhiteTeam "Rostock"]
[BlackTeam "Koenigsspringer"]
[WhiteTeamCountry "GER"]
[BlackTeamCountry "GER"]

1. d4 d5 2. c4 c6 3. Nc3 Nf6 4. Nf3 a6 5. e3 b5 6. b3 Bg4 7. Be2 e6 8. 0-0 Nbd7 9. Nd2 Bf5 10. Bf3 Bb4 11. Bb2 0-0 12. a3 Bd6 13. e4 dxe4 14. Ncxe4 Nxe4 15. Nxe4 Bxh2+ 16. Kxh2 Bxe4 17. Re1 Bxf3 18. Qxf3 bxc4 19. b4 Qc7+ 20. Kg1 a5 21. Qc3 axb4 22. axb4 Rxa1 23. Bxa1 Nf6 24. Qxc4 Nd5 25. Rc1 Rc8 26. Bb2 Qb6 27. b5 h6 28. Ba3 Qa5 29. Qc5 Nf4 30. b6 Qa6 31. Rb1 Qd3 32. Ra1 Qe4 33. f3 Qe2 0-1

[Event "Oberliga Nord N 0607"]
[Site "Germany"]
[Date "2007.04.22"]
[Round "9.4"]
[White "Jeske, Eckhard"]
[Black "Wagner, Friedrich"]
[Result "1/2-1/2"]
[WhiteElo "2191"]
[BlackElo "2215"]
[PlyCount "24"]
[EventDate "2006.10.15"]
[EventType "team-tourn"]
[EventRounds "9"]
[EventCountry "GER"]
[SourceTitle "EXT 2019"]
[Source "ChessBase"]
[SourceDate "2018.10.10"]
[SourceVersion "1"]
[SourceVersionDate "2018.10.10"]
[SourceQuality "1"]
[WhiteTeam "Rostock"]
[BlackTeam "Hamburg Koenigsspringer"]
[WhiteTeamCountry "GER"]
[BlackTeamCountry "GER"]

1. c4 c6 2. Nc3 d5 3. cxd5 cxd5 4. d4 Nc6 5. Bf4 a6 6. Nf3 Nf6 7. e3 Bg4 8. Be2 e6 9. 0-0 Be7 10. h3 Bxf3 11. Bxf3 0-0 12. Rc1 Rc8 1/2-1/2

[Event "Oberliga Nord N 0607"]
[Site "Germany"]
[Date "2007.02.25"]
[Round "6.5"]
[White "Wagner, Friedrich"]
[Black "Van Riesen, Klaus"]
[Result "1-0"]
[WhiteElo "2215"]
[BlackElo "2100"]
[PlyCount "69"]
[EventDate "2006.10.15"]
[EventType "team-tourn"]
[EventRounds "9"]
[EventCountry "GER"]
[SourceTitle "EXT 2019"]
[Source "ChessBase"]
[SourceDate "2018.10.10"]
[SourceVersion "1"]
[SourceVersionDate "2018.10.10"]
[SourceQuality "1"]
[WhiteTeam "Hamburg Koenigsspringer"]
[BlackTeam "Pinneberg"]
[WhiteTeamCountry "GER"]
[BlackTeamCountry "GER"]

1. c4 f5 2. Nc3 Nf6 3. g3 g6 4. Bg2 Bg7 5. d3 d6 6. e4 0-0 7. Nge2 e5 8. exf5 gxf5 9. 0-0 Nc6 10. Rb1 f4 11. gxf4 Nh5 12. fxe5 dxe5 13. Nd5 Bg4 14. f3 Be6 15. f4 Qd7 16. Bf3 Nxf4 17. Bxf4 exf4 18. Nexf4 Rxf4 19. Nxf4 Bf5 20. Kh1 Kh8 21. Be4 Bxe4+ 22. dxe4 Qe7 23. Qd5 Re8 24. Rbe1 Be5 25. Ng2 Rg8 26. Qd2 Nd4 27. Qf2 Ne6 28. Qf7 Qg5 29. Qf2 Bd4 30. Qf3 Qh6 31. e5 Qd2 32. Re2 Qb4 33. Qd5 Qe7 34. Rf6 Qg7 35. Rxe6 1-0

[Event "Oberliga Nord N 0506"]
[Site "Germany"]
[Date "2006.02.19"]
[Round "7.7"]
[White "Reimer, Wolf"]
[Black "Wagner, Friedrich"]
[Result "1/2-1/2"]
[WhiteElo "2049"]
[BlackElo "2207"]
[PlyCount "53"]
[EventDate "2005.10.23"]
[EventType "team-tourn"]
[EventRounds "9"]
[EventCountry "GER"]
[SourceTitle "EXT 2007"]
[Source "ChessBase"]
[SourceDate "2006.11.23"]
[SourceVersion "1"]
[SourceVersionDate "2006.11.23"]
[SourceQuality "1"]
[WhiteTeam "Luebeck II"]
[BlackTeam "Hamburg Koenigsspringer"]
[WhiteTeamCountry "GER"]
[BlackTeamCountry "GER"]

1. d4 d5 2. Nf3 c6 3. c4 Nf6 4. Qc2 g6 5. Nbd2 Bf5 6. Qb3 Qb6 7. e3 Bg7 8. Qxb6 axb6 9. cxd5 Nxd5 10. e4 Nb4 11. exf5 Nc2+ 12. Kd1 Nxa1 13. fxg6 hxg6 14. a3 c5 15. Bb5+ Kf8 16. b3 cxd4 17. Bb2 Nxb3 18. Nxb3 e5 19. Re1 f6 20. a4 Nc6 21. Nbd2 Rd8 22. Ne4 Kg8 23. Bc4+ Kh7 24. Nfg5+ fxg5 25. Nxg5+ Kh6 26. Nf7+ Kh7 27. Ng5+ 1/2-1/2

[Event "Oberliga Nord N 0506"]
[Site "Germany"]
[Date "2005.11.27"]
[Round "3.5"]
[White "Wagner, Friedrich"]
[Black "Hein, Ralf"]
[Result "1-0"]
[WhiteElo "2207"]
[BlackElo "2155"]
[PlyCount "85"]
[EventDate "2005.10.23"]
[EventType "team-tourn"]
[EventRounds "9"]
[EventCountry "GER"]
[SourceTitle "EXT 2007"]
[Source "ChessBase"]
[SourceDate "2006.11.23"]
[SourceVersion "1"]
[SourceVersionDate "2006.11.23"]
[SourceQuality "1"]
[WhiteTeam "Hamburg Koenigsspringer"]
[BlackTeam "Hamburg Diogenes"]
[WhiteTeamCountry "GER"]
[BlackTeamCountry "GER"]

1. c4 e5 2. g3 g6 3. Bg2 Bg7 4. Nc3 Ne7 5. e4 0-0 6. Nge2 Nbc6 7. 0-0 d6 8. d3 a6 9. Be3 Rb8 10. a4 Bd7 11. Rb1 Nb4 12. d4 c6 13. dxe5 dxe5 14. Bc5 a5 15. Qd6 b6 16. Bxb4 axb4 17. Qxb4 c5 18. Qa3 Nc6 19. Nd5 Nd4 20. Nxd4 exd4 21. f4 Ra8 22. b3 Ra7 23. Qc1 Bg4 24. f5 Re8 25. Rb2 gxf5 26. exf5 f6 27. Rbf2 Re5 28. h3 Be2 29. Re1 d3 30. Bf1 Qe8 31. Bxe2 dxe2 32. g4 h5 33. Qd2 hxg4 34. hxg4 Re4 35. Rg2 Qe5 36. Nc3 Re3 37. Rexe2 Re7 38. Nd5 Rxe2 39. Nxe7+ Qxe7 40. Rxe2 Qc7 41. Qe3 Bf8 42. g5 Qd8 43. Qe6+ 1-0

[Event "BL2-Nord 0405"]
[Site "Germany"]
[Date "2005.03.13"]
[Round "8.6"]
[White "Wagner, Friedrich"]
[Black "Lisek, Juergen"]
[Result "1/2-1/2"]
[WhiteElo "2262"]
[BlackElo "2290"]
[PlyCount "152"]
[EventDate "2004.10.24"]
[EventType "team-tourn"]
[EventRounds "9"]
[EventCountry "GER"]
[SourceTitle "EXT 2007"]
[Source "ChessBase"]
[SourceDate "2006.11.23"]
[SourceVersion "1"]
[SourceVersionDate "2006.11.23"]
[SourceQuality "1"]
[WhiteTeam "Hamburg Koenigsspringer"]
[BlackTeam "Berlin Rotation"]
[WhiteTeamCountry "GER"]
[BlackTeamCountry "GER"]

1. c4 e6 2. g3 Nf6 3. Bg2 c5 4. Nf3 Be7 5. 0-0 0-0 6. b3 Nc6 7. Bb2 b6 8. d4 cxd4 9. Nxd4 Bb7 10. Nc3 Qb8 11. e4 a6 12. Re1 Rd8 13. Na4 Qc7 14. e5 Ne8 15. Qe2 Rab8 16. Qe3 Na5 17. Bf1 Ba8 18. Bd3 Bb4 19. Bc3 Bxc3 20. Nxc3 b5 21. cxb5 f5 22. Rac1 axb5 23. Ncxb5 Qb7 24. f3 Nc6 25. Bc4 Ne7 26. a4 h6 27. h4 Kh7 28. Rc3 Qb6 29. b4 Nd5 30. Bxd5 Bxd5 31. Nb3 Qb7 32. Nc5 Qa8 33. Rb1 Rbc8 34. Rbc1 d6 35. exd6 Nxd6 36. Nxd6 Rxd6 37. Kf2 Rf8 38. Qf4 Qd8 39. Rd3 Qe7 40. Re1 Rdd8 41. Rde3 g5 42. hxg5 hxg5 43. Qe5 f4 44. gxf4 Rxf4 45. Nxe6 Bxe6 46. Rh1+ Kg6 47. Qxe6+ Qxe6 48. Rxe6+ Kf5 49. Rhh6 Rf8 50. Rc6 Rxb4 51. Kg3 Ke5 52. Rc5+ Kd4 53. Rxg5 Rb1 54. Rg4+ Ke3 55. Re6+ Kd3 56. Rd6+ Kc3 57. Kf2 Rh1 58. Re6 Rh3 59. Re3+ Kd2 60. Rd4+ Kc2 61. a5 Rh2+ 62. Kg3 Rfh8 63. Rde4 R2h3+ 64. Kf4 R3h4+ 65. Ke5 R4h5+ 66. Kd4 Rd8+ 67. Kc4 Rc8+ 68. Kb4 Rb8+ 69. Ka4 Rbb5 70. Re2+ Kd3 71. R4e3+ Kd4 72. Re4+ Kd3 73. Re1 Rxa5+ 74. Kb3 Rhb5+ 75. Rb4 Rxb4+ 76. Kxb4 Rf5 1/2-1/2

[Event "BL2-Nord 0405"]
[Site "Germany"]
[Date "2005.01.30"]
[Round "6.5"]
[White "Wagner, Friedrich"]
[Black "Rahls, Peter"]
[Result "1/2-1/2"]
[WhiteElo "2262"]
[BlackElo "2368"]
[PlyCount "179"]
[EventDate "2004.10.24"]
[EventType "team-tourn"]
[EventRounds "9"]
[EventCountry "GER"]
[SourceTitle "EXT 2007"]
[Source "ChessBase"]
[SourceDate "2006.11.23"]
[SourceVersion "1"]
[SourceVersionDate "2006.11.23"]
[SourceQuality "1"]
[WhiteTeam "Hamburg Koenigsspringer"]
[BlackTeam "Zehlendorf"]
[WhiteTeamCountry "GER"]
[BlackTeamCountry "GER"]

1. c4 e5 2. g3 Nf6 3. Bg2 c6 4. d4 exd4 5. Qxd4 d5 6. Nf3 Be7 7. cxd5 cxd5 8. 0-0 Nc6 9. Qa4 0-0 10. Be3 Bg4 11. Nc3 a6 12. Rad1 b5 13. Qc2 Rc8 14. Qd3 Qa5 15. Nd2 Ne5 16. Qd4 Nc4 17. Nb3 Qd8 18. f3 Nxe3 19. Qxe3 Be6 20. Kh1 b4 21. Ne4 Nd7 22. Nf2 Nb6 23. Nd3 Nc4 24. Qf2 Bf6 25. f4 d4 26. Ne5 Bxe5 27. fxe5 Qg5 28. Qf4 Qxf4 29. Rxf4 Ne3 30. Re1 g5 31. Rf6 Bxb3 32. axb3 Rc5 33. Rxa6 Rxe5 34. Bf1 Nxf1 35. Rxf1 Rxe2 36. Rd6 Rxb2 37. Rxd4 Rxb3 38. Rd7 f6 39. Re1 Rf7 40. Rd8+ Kg7 41. Rb8 Rb2 42. Kg1 Rc7 43. g4 b3 44. Rb6 Kg6 45. Rf1 Rf7 46. Rf3 Rc2 47. Rbxb3 Rd7 48. Rb1 Rdd2 49. h3 Rd6 50. Rbf1 Rcc6 51. Kg2 h5 52. gxh5+ Kxh5 53. Kg3 Kg6 54. h4 Rc5 55. hxg5 Rxg5+ 56. Kf2 Ra6 57. Re1 Rg4 58. Re8 Ra2+ 59. Re2 Ra6 60. Rg3 Kg5 61. Rxg4+ Kxg4 62. Re4+ Kg5 63. Re8 Kf4 64. Re2 f5 65. Rb2 Kg4 66. Rc2 f4 67. Rb2 Rh6 68. Rb3 Rh2+ 69. Kg1 Ra2 70. Rc3 Re2 71. Rb3 Re3 72. Rb2 Kf3 73. Rf2+ Ke4 74. Ra2 Kf3 75. Rf2+ Kg4 76. Rb2 Re1+ 77. Kf2 Rh1 78. Rb3 Rh2+ 79. Kf1 Rc2 80. Ra3 Rd2 81. Rb3 Rd4 82. Ra3 Re4 83. Kf2 Re6 84. Rb3 Rh6 85. Ra3 Rh2+ 86. Kf1 Rh3 87. Rxh3 Kxh3 88. Kf2 Kg4 89. Kg2 f3+ 90. Kf1 1/2-1/2

[Event "BL2-Nord 0405"]
[Site "Germany"]
[Date "2004.11.28"]
[Round "3.5"]
[White "Tomczak, Rainer"]
[Black "Wagner, Friedrich"]
[Result "1/2-1/2"]
[WhiteElo "2317"]
[BlackElo "2262"]
[PlyCount "32"]
[EventDate "2004.10.24"]
[EventType "team-tourn"]
[EventRounds "9"]
[EventCountry "GER"]
[SourceTitle "EXT 2007"]
[Source "ChessBase"]
[SourceDate "2006.11.23"]
[SourceVersion "1"]
[SourceVersionDate "2006.11.23"]
[SourceQuality "1"]
[WhiteTeam "Koenig Tegel"]
[BlackTeam "Hamburg Koenigsspringer"]
[WhiteTeamCountry "GER"]
[BlackTeamCountry "GER"]

1. e4 c6 2. d4 d5 3. Nc3 dxe4 4. Nxe4 Nf6 5. Ng3 h5 6. h4 Bg4 7. Be2 e6 8. Bg5 Bxe2 9. N1xe2 Be7 10. 0-0 Nh7 11. Bxe7 Qxe7 12. Nxh5 g6 13. Nhf4 Qxh4 14. g3 Qf6 15. Kg2 Ng5 16. Qd3 Nd7 1/2-1/2

[Event "Baunatal op 5th"]
[Site "Baunatal"]
[Date "1999.08.14"]
[Round "5"]
[White "Wagner, Friedrich"]
[Black "Dallmann, Volker"]
[Result "1-0"]
[WhiteElo "2122"]
[BlackElo "1755"]
[PlyCount "63"]
[EventDate "1999.08.??"]
[EventType "swiss"]
[EventRounds "7"]
[EventCountry "GER"]
[SourceTitle "EXT 2000"]
[Source "ChessBase"]
[SourceDate "1999.11.16"]
[SourceVersion "1"]
[SourceVersionDate "1999.11.16"]
[SourceQuality "1"]

1. c4 e6 2. Nf3 Nf6 3. g3 b6 4. Bg2 Bb7 5. 0-0 Be7 6. b3 0-0 7. Bb2 c5 8. d3 d6 9. e4 Nbd7 10. Nc3 a6 11. Ng5 Qc7 12. f4 Rad8 13. Qe2 Qb8 14. Rae1 h6 15. Nf3 Nh7 16. Nd1 Rfe8 17. Nf2 d5 18. e5 Qa8 19. Ng4 Nb8 20. h4 Rd7 21. f5 h5 22. fxe6 fxe6 23. Nf2 Bd8 24. Nh3 g6 25. Nf4 Nf8 26. Bh3 d4 27. Bc1 Rf7 28. Rf2 Nbd7 29. Ref1 Bxf3 30. Rxf3 Ree7 31. Nxg6 Nxg6 32. Rxf7 1-0

[Event "Baunatal op 5th"]
[Site "Baunatal"]
[Date "1999.08.13"]
[Round "3"]
[White "Arne, Walter"]
[Black "Wagner, Friedrich"]
[Result "0-1"]
[WhiteElo "1767"]
[BlackElo "2122"]
[PlyCount "78"]
[EventDate "1999.08.??"]
[EventType "swiss"]
[EventRounds "7"]
[EventCountry "GER"]
[SourceTitle "EXT 2000"]
[Source "ChessBase"]
[SourceDate "1999.11.16"]
[SourceVersion "1"]
[SourceVersionDate "1999.11.16"]
[SourceQuality "1"]

1. e4 c6 2. d4 d5 3. e5 Bf5 4. f4 e6 5. Nf3 c5 6. c3 Nc6 7. a3 Bg4 8. Be2 Nh6 9. Nbd2 Nf5 10. Bd3 cxd4 11. Bxf5 exf5 12. cxd4 Nxd4 13. Qa4+ Nc6 14. 0-0 Bc5+ 15. Kh1 0-0 16. b4 Bb6 17. Nb3 Qd7 18. b5 Nd8 19. Qb4 Ne6 20. a4 Rfc8 21. Nfd2 Be2 22. Re1 Bd3 23. Ba3 Bf2 24. Rec1 b6 25. Nf3 Be4 26. Nbd4 Nxf4 27. Qd2 Bxd4 28. Qxd4 Rxc1+ 29. Bxc1 Ne2 30. Qd2 Nxc1 31. Rxc1 Rc8 32. Nd4 Rc5 33. Nc6 h6 34. Rxc5 bxc5 35. Qa5 d4 36. Nb8 Qd5 37. Qd2 d3 38. Nc6 Qb3 39. h3 Qxa4 0-1